A guide to practical pastoring / (Record no. 2708)

MARC details
000 -LEADER
fixed length control field 00811nam a2200277 a 4500
001 - CONTROL NUMBER
control field 87696
003 - CONTROL NUMBER IDENTIFIER
control field GBCCL
005 - DATE AND TIME OF LATEST TRANSACTION
control field 20241126110437.0
008 - FIXED-LENGTH DATA ELEMENTS--GENERAL INFORMATION
fixed length control field 000330r19991993enk 000 0 eng d
015 ## -
-- GBA0-10067
020 ## - INTERNATIONAL STANDARD BOOK NUMBER
International Standard Book Number 1852402407
035 ## - SYSTEM CONTROL NUMBER
System control number (OCoLC)43376875
040 ## - CATALOGING SOURCE
Original cataloging agency UKM
Transcribing agency UKM
Modifying agency LBB
049 ## -
-- LBBK
082 ## - DEWEY DECIMAL CLASSIFICATION NUMBER
Classification number 253
Item number COO
090 ## - LOCALLY ASSIGNED LC-TYPE CALL NUMBER (OCLC); LOCAL CALL NUMBER (RLIN)
Classification number (OCLC) (R) ; Classification number, CALL (RLIN) (NR) BV 4320
Local cutter number (OCLC) ; Book number/undivided call number, CALL (RLIN) .C6 1999
100 1# - MAIN ENTRY--PERSONAL NAME
Personal name Coombs, Barney.
9 (RLIN) 5740
245 12 - TITLE STATEMENT
Title A guide to practical pastoring /
Statement of responsibility, etc. Barney Coombs ; foreword by Gerald Coates.
260 ## - PUBLICATION, DISTRIBUTION, ETC.
Place of publication, distribution, etc. Tonbridge :
Name of publisher, distributor, etc. Sovereign World,
Date of publication, distribution, etc. c1999.
300 ## - PHYSICAL DESCRIPTION
Extent 175 p. ;
Dimensions 20 cm.
500 ## - GENERAL NOTE
General note Originally published: Eastbourne : Kingsway Publications, 1993.
650 #0 - SUBJECT ADDED ENTRY--TOPICAL TERM
Topical term or geographic name entry element Clergy
General subdivision Office.
9 (RLIN) 299
650 #0 - SUBJECT ADDED ENTRY--TOPICAL TERM
Topical term or geographic name entry element Pastoral theology.
9 (RLIN) 414
650 #0 - SUBJECT ADDED ENTRY--TOPICAL TERM
Topical term or geographic name entry element Pastoral counseling.
9 (RLIN) 547
942 ## - ADDED ENTRY ELEMENTS (KOHA)
Source of classification or shelving scheme Dewey Decimal Classification
Koha item type Books
Koha issues (borrowed), all copies 6
Holdings
Withdrawn status Lost status Source of classification or shelving scheme Damaged status Not for loan Home library Current Library Shelving location Date acquired Total checkouts Total renewals Full call number Barcode Date last seen Date last checked out Copy number Price effective from Koha item type
    Dewey Decimal Classification     GRACE BIBLE COLLEGE GRACE BIBLE COLLEGE Ministry & Mission 2017-09-12 6 3 253 COO 012306 2025-05-01 2023-07-11 c.6 2017-09-12 Books
    Dewey Decimal Classification     GRACE BIBLE COLLEGE GRACE BIBLE COLLEGE Ministry & Mission 2017-09-13     253 COO 011983 2025-05-01   c.1 2017-09-13 Books
    Dewey Decimal Classification     GRACE BIBLE COLLEGE GRACE BIBLE COLLEGE Ministry & Mission 2017-09-13     253 COO 012302 2025-05-01   c.2 2017-09-13 Books
    Dewey Decimal Classification     GRACE BIBLE COLLEGE GRACE BIBLE COLLEGE Ministry & Mission 2017-09-13     253 COO 012303 2025-05-01   c.3 2017-09-13 Books
    Dewey Decimal Classification     GRACE BIBLE COLLEGE GRACE BIBLE COLLEGE Ministry & Mission 2017-09-13     253 COO 012304 2025-05-01   c.4 2017-09-13 Books
    Dewey Decimal Classification     GRACE BIBLE COLLEGE GRACE BIBLE COLLEGE Ministry & Mission 2017-09-13     253 COO 012305 2025-05-01   c.5 2017-09-13 Books
© Grace Bible College Library 2025